[Event "Benidorm op-A"]
[Site "Benidorm"]
[Date "2023.11.02"]
[Round "6"]
[White "Wiesmann, Dominique"]
[Black "Teply Koutsky, David"]
[Result "1-0"]
[WhiteElo "1940"]
[BlackElo "1833"]
[PlyCount "83"]
[EventDate "2023.10.29"]
[EventType "swiss"]
[EventRounds "9"]
[EventCountry "ESP"]
[SourceTitle "Mega2024 Update 01"]
[Source "Chessbase"]
[SourceDate "2023.11.12"]
[SourceVersion "1"]
[SourceVersionDate "2023.11.12"]
[SourceQuality "1"]

1. Nf3 e6 2. d3 d5 3. g3 c5 4. Bg2 Nf6 5. 0-0 Nc6 6. Nbd2 Be7 7. Re1 0-0 8. e4 b5 9. e5 Nd7 10. Nf1 Qc7 11. Bf4 a5 12. h4 Bb7 13. h5 h6 14. Ne3 Rfc8 15. Nxd5 exd5 16. e6 Bd6 17. exd7 Qxd7 18. Qd2 Bxf4 19. Qxf4 Qc7 20. Qg4 Rd8 21. Nh4 Nd4 22. c3 Bc8 23. Qd1 Nc6 24. d4 c4 25. Re3 Qd6 26. Qf3 Ne7 27. Rae1 Ra7 28. Qe2 Be6 29. Bf3 Qd7 30. Ng2 Kf8 31. Nf4 Bf5 32. Re5 f6 33. Re3 Qd6 34. Ne6+ Bxe6 35. Rxe6 Qc7 36. Qc2 Rd7 37. Qh7 f5 38. R1e5 Qd8 39. g4 Kf7 40. gxf5 Qg8 41. Rxe7+ Rxe7 42. Bxd5+ 1-0

[Event "Biel op-B 56th"]
[Site "Biel"]
[Date "2023.07.20"]
[Round "4"]
[White "Hansel, Rainer"]
[Black "Wiesmann, Dominique"]
[Result "1/2-1/2"]
[WhiteElo "1905"]
[BlackElo "1964"]
[PlyCount "51"]
[EventDate "2023.07.17"]
[EventType "swiss"]
[EventRounds "9"]
[EventCountry "SUI"]
[SourceTitle "EXT 2024"]
[Source "ChessBase"]
[SourceDate "2023.10.10"]
[SourceVersion "1"]
[SourceVersionDate "2023.10.10"]
[SourceQuality "1"]

1. d4 Nf6 2. Nf3 d5 3. g3 c5 4. Bg2 cxd4 5. 0-0 h6 6. b3 e6 7. Bb2 Bc5 8. Bxd4 Bxd4 9. Qxd4 0-0 10. Ne5 Nc6 11. Nxc6 bxc6 12. c4 Qb6 13. Qxb6 axb6 14. Rd1 Bb7 15. cxd5 Nxd5 16. Bxd5 exd5 17. Nc3 Rfe8 18. e3 Bc8 19. Na4 Rb8 20. Rac1 Bd7 21. Rd2 f5 22. Nb2 Kf7 23. Nd3 Ke6 24. f4 Rec8 25. Ne5 Be8 26. Rcd1 1/2-1/2

[Event "Biel ATO 55th"]
[Site "Biel"]
[Date "2022.??.??"]
[Round "8"]
[White "Stalhandske, Julien"]
[Black "Wiesmann, Dominique"]
[Result "0-1"]
[WhiteElo "1644"]
[BlackElo "1914"]
[PlyCount "98"]
[EventDate "2022.07.13"]
[EventType "swiss"]
[EventRounds "9"]
[EventCountry "SUI"]
[SourceTitle "EXT 2024"]
[Source "ChessBase"]
[SourceDate "2023.10.10"]
[SourceVersion "1"]
[SourceVersionDate "2023.10.10"]
[SourceQuality "1"]

1. d4 Nf6 2. c4 e6 3. g3 Bb4+ 4. Bd2 Qe7 5. Bg2 Bxd2+ 6. Nxd2 d6 7. Ngf3 0-0 8. Qc2 e5 9. 0-0 Nc6 10. dxe5 dxe5 11. Rfd1 h6 12. Ne4 Nxe4 13. Qxe4 f5 14. Qc2 Qf6 15. Qc3 Be6 16. Rd2 g5 17. b4 g4 18. Nh4 Rae8 19. Rad1 Bc8 20. Bd5+ Kh7 21. c5 Nd4 22. e3 Ne6 23. f4 Ng7 24. Bb3 Qe7 25. Bc2 exf4 26. exf4 Rd8 27. Rxd8 Rxd8 28. Rxd8 Qxd8 29. Qd3 Qf6 30. Kf2 Qb2 31. a3 Be6 32. Ng2 Bd5 33. Ne3 Be4 34. Qb3 Qd4 35. a4 Qd2+ 36. Kg1 Qe1+ 37. Nf1 Bxc2 38. Qxc2 Qxb4 39. Ne3 Qe1+ 40. Nf1 Kg6 41. Qb3 Qe4 42. Ne3 Ne6 43. Kf2 h5 44. Nf1 Kf6 45. Qa3 c6 46. a5 Qd4+ 47. Kg2 h4 48. Ne3 h3+ 49. Kf2 Nxc5 0-1

[Event "Biel ATO 55th"]
[Site "Biel"]
[Date "2022.??.??"]
[Round "6"]
[White "Wiesmann, Dominique"]
[Black "Al Helaoy, Majed"]
[Result "0-1"]
[WhiteElo "1914"]
[BlackElo "2015"]
[PlyCount "118"]
[EventDate "2022.07.13"]
[EventType "swiss"]
[EventRounds "9"]
[EventCountry "SUI"]
[SourceTitle "EXT 2024"]
[Source "ChessBase"]
[SourceDate "2023.10.10"]
[SourceVersion "1"]
[SourceVersionDate "2023.10.10"]
[SourceQuality "1"]

1. Nf3 Nf6 2. e3 d5 3. c4 e6 4. b3 Be7 5. Bb2 0-0 6. Nc3 Nbd7 7. Be2 c6 8. d4 Qc7 9. Qc2 Rd8 10. Rc1 Qa5 11. 0-0 Ne4 12. Nxe4 dxe4 13. Bc3 Qf5 14. Nd2 Nf6 15. f3 Qg5 16. f4 Qf5 17. h3 h5 18. Kh2 Bd6 19. g3 b6 20. Rg1 e5 21. Bf1 exf4 22. gxf4 Kf8 23. Kh1 Qh7 24. Bg2 Bf5 25. Nf1 h4 26. Rd1 Ke7 27. d5 Nh5 28. dxc6 Ng3+ 29. Kh2 g5 30. Be5 Bxe5 31. Rxd8 Rxd8 32. fxe5 Rd3 33. c5 Qh8 34. Qb2 bxc5 35. b4 c4 36. b5 Ke8 37. b6 axb6 38. Qb5 Kf8 39. c7 Ne2 40. Bxe4 Bc8 41. Rxg5 Rd7 42. Qb4+ Re7 43. Bf3 Ng3 44. Nd2 Qh6 45. Rg4 Qxe3 46. Rxh4 Qxe5 47. Kg2 Nf5 48. Re4 Qg3+ 49. Kf1 c3 50. Rxe7 Nxe7 51. Qxc3 Ba6+ 52. Nc4 Bxc4+ 53. Qxc4 Qxf3+ 54. Ke1 Qe3+ 55. Kd1 Qxh3 56. Qd4 Qh1+ 57. Kd2 Qh2+ 58. Kd1 Qxc7 59. Qh8+ Ng8 0-1

[Event "Biel ATO 55th"]
[Site "Biel"]
[Date "2022.??.??"]
[Round "9"]
[White "Wiesmann, Dominique"]
[Black "Sala, Matteo"]
[Result "1/2-1/2"]
[WhiteElo "1914"]
[BlackElo "1708"]
[PlyCount "65"]
[EventDate "2022.07.13"]
[EventType "swiss"]
[EventRounds "9"]
[EventCountry "SUI"]
[SourceTitle "EXT 2024"]
[Source "ChessBase"]
[SourceDate "2023.10.10"]
[SourceVersion "1"]
[SourceVersionDate "2023.10.10"]
[SourceQuality "1"]

1. Nf3 c5 2. e3 Nf6 3. d4 cxd4 4. exd4 d5 5. c4 dxc4 6. Bxc4 e6 7. Nc3 Nbd7 8. d5 exd5 9. Nxd5 Nxd5 10. Qxd5 Bb4+ 11. Bd2 Qe7+ 12. Be2 0-0 13. Bxb4 Qxb4+ 14. Qd2 Qxd2+ 15. Nxd2 Re8 16. f3 b6 17. Ne4 f5 18. Nd6 Re6 19. Nxc8 Rxc8 20. Rd1 Ne5 21. 0-0 Rc2 22. Rfe1 Kf7 23. b4 Ke7 24. f4 Nc6 25. Bd3 Rb2 26. b5 Nd4 27. Rxe6+ Nxe6 28. g3 g6 29. Bc4 Nc7 30. Re1+ Kf6 31. Rd1 Ke7 32. Re1+ Kf6 33. Rd1 1/2-1/2

[Event "Martigny op 25th"]
[Site "Martigny"]
[Date "2016.07.30"]
[Round "2"]
[White "Wiesmann, Dominique"]
[Black "Kukov, Velislav"]
[Result "0-1"]
[WhiteElo "2036"]
[BlackElo "2363"]
[PlyCount "80"]
[EventDate "2016.07.29"]
[EventType "swiss"]
[EventRounds "7"]
[EventCountry "SUI"]
[SourceTitle "EXT 2017"]
[Source "ChessBase"]
[SourceDate "2016.10.25"]
[SourceVersion "1"]
[SourceVersionDate "2016.10.25"]
[SourceQuality "1"]

1. d4 Nf6 2. Nf3 e6 3. e3 c5 4. Bd3 Nc6 5. 0-0 b6 6. b3 Bb7 7. a3 Be7 8. Bb2 0-0 9. Nbd2 d6 10. Re1 Rc8 11. Qe2 Qc7 12. dxc5 bxc5 13. e4 e5 14. c3 Rcd8 15. c4 Rb8 16. Bc2 Bc8 17. Nf1 g6 18. Ne3 Ba6 19. Rab1 Nd4 20. Nxd4 cxd4 21. Nf1 Nd7 22. Qg4 Nc5 23. Nd2 Bc8 24. Qg3 Qd8 25. b4 Ne6 26. Nf3 Qc7 27. Nd2 Qd8 28. Nf3 Ng7 29. Nxe5 dxe5 30. Qxe5 Be6 31. Bb3 Bf6 32. Qf4 Rc8 33. Qc1 Qc7 34. Qc2 d3 35. Qxd3 Bxb2 36. Rxb2 Bxc4 37. Bxc4 Qxc4 38. Qxc4 Rxc4 39. f3 Rfc8 40. a4 Ne6 0-1

[Event "Martigny op 23rd"]
[Site "Martigny"]
[Date "2014.07.28"]
[Round "6"]
[White "Mensch, Etienne"]
[Black "Wiesmann, Dominique"]
[Result "1-0"]
[WhiteElo "2336"]
[BlackElo "2055"]
[PlyCount "55"]
[EventDate "2014.07.25"]
[EventType "swiss"]
[EventRounds "7"]
[EventCountry "SUI"]
[SourceTitle "CBM 161 Extra"]
[Source "ChessBase"]
[SourceDate "2014.08.29"]
[SourceVersion "1"]
[SourceVersionDate "2014.08.29"]
[SourceQuality "1"]

1. c4 d6 2. Nc3 e5 3. Nf3 Nc6 4. e3 g6 5. d4 Bg7 6. Be2 Nf6 7. d5 Ne7 8. e4 0-0 9. Bg5 h6 10. Bxf6 Bxf6 11. h4 Bg7 12. h5 g5 13. Nd2 f5 14. g4 fxg4 15. Bxg4 Kh7 16. Nf1 Rf4 17. Bxc8 Rxc8 18. Ne3 c6 19. Qb3 cxd5 20. cxd5 b5 21. Qxb5 Rb8 22. Qe2 Qa5 23. 0-0-0 Qc5 24. Rd2 Rxe4 25. Qd3 Rbb4 26. Nc2 Kg8 27. Nxe4 Qc7 28. Kb1 1-0

[Event "Marianske Lazne op"]
[Site "Marianske Lazne"]
[Date "2011.01.17"]
[Round "3"]
[White "Wiesmann, Dominique"]
[Black "Varitski, Igor"]
[Result "0-1"]
[WhiteElo "2057"]
[BlackElo "2277"]
[PlyCount "86"]
[EventDate "2011.01.15"]
[EventType "swiss"]
[EventRounds "9"]
[EventCountry "CZE"]
[SourceTitle "CBM 140 Extra"]
[Source "ChessBase"]
[SourceDate "2011.03.01"]
[SourceVersion "1"]
[SourceVersionDate "2011.03.01"]
[SourceQuality "1"]

1. Nf3 f5 2. c4 Nf6 3. g3 d6 4. Bg2 e5 5. d3 Be7 6. 0-0 0-0 7. Nc3 Nc6 8. e3 Qe8 9. d4 Bd8 10. d5 Nb8 11. Ng5 Na6 12. Ne6 Bxe6 13. dxe6 Nc5 14. Nd5 Qxe6 15. Nxf6+ Qxf6 16. b4 e4 17. Qd5+ Kh8 18. Bd2 c6 19. Qd4 Nd3 20. Qxf6 Bxf6 21. Rab1 d5 22. c5 a6 23. Rfd1 Rfd8 24. Bf1 Ne5 25. Bh3 Nf3+ 26. Kh1 g6 27. Bc1 Kg8 28. Bf1 Rd7 29. Be2 Kf7 30. Bxf3 exf3 31. Bb2 Re7 32. Bxf6 Kxf6 33. Rd4 Re4 34. Rxe4 fxe4 35. a4 Ke5 36. Rd1 a5 37. Rd4 axb4 38. Rxb4 Ra5 39. Rxb7 Rxc5 40. h4 h5 41. Rg7 Kf6 42. Rc7 Rc1+ 43. Kh2 d4 0-1

[Event "Lugano New op 3rd"]
[Site "Lugano"]
[Date "2009.05.02"]
[Round "5"]
[White "Wiesmann, Dominique"]
[Black "Karl, Hans"]
[Result "1/2-1/2"]
[WhiteElo "2048"]
[BlackElo "2233"]
[PlyCount "104"]
[EventDate "2009.04.30"]
[EventType "swiss"]
[EventRounds "6"]
[EventCountry "SUI"]
[SourceTitle "EXT 2011"]
[Source "ChessBase"]
[SourceDate "2010.11.26"]
[SourceVersion "1"]
[SourceVersionDate "2010.11.26"]
[SourceQuality "1"]

1. Nf3 Nf6 2. c4 d6 3. g3 e5 4. d3 Be7 5. Nc3 c6 6. Bg2 0-0 7. 0-0 h6 8. Rb1 Be6 9. b4 Nbd7 10. Nd2 d5 11. b5 Qc7 12. bxc6 bxc6 13. Qc2 d4 14. Nce4 Rab8 15. Nxf6+ Nxf6 16. Rxb8 Rxb8 17. Nb3 Nd7 18. Bd2 Bb4 19. Rb1 a5 20. a3 Bxa3 21. Nxa5 Rxb1+ 22. Qxb1 Nb8 23. Qb3 Be7 24. h4 Bd7 25. Qb7 Qxb7 26. Nxb7 Na6 27. Na5 Bb4 28. Bxb4 Nxb4 29. Kf1 Kf8 30. Ke1 Ke7 31. Kd2 Kd6 32. Kc1 Kc5 33. Kb2 Bg4 34. Bf1 Kb6 35. Nb3 Na6 36. Nd2 Nc5 37. Kc2 Ka5 38. Nb3+ Kb4 39. Nxc5 Kxc5 40. Kd2 g5 41. hxg5 hxg5 42. Bg2 Bf5 43. f3 Be6 44. g4 Kb4 45. Bf1 f5 46. gxf5 Bxf5 47. Bg2 c5 48. Bf1 Kb3 49. Bg2 Kb2 50. Bf1 Ka3 51. Ke1 Be6 52. Bg2 Kb4 1/2-1/2

[Event "Lugano New op 3rd"]
[Site "Lugano"]
[Date "2009.05.01"]
[Round "3"]
[White "Pulfer, Brian"]
[Black "Wiesmann, Dominique"]
[Result "0-1"]
[WhiteElo "1411"]
[BlackElo "2048"]
[PlyCount "36"]
[EventDate "2009.04.30"]
[EventType "swiss"]
[EventRounds "6"]
[EventCountry "SUI"]
[SourceTitle "EXT 2011"]
[Source "ChessBase"]
[SourceDate "2010.11.26"]
[SourceVersion "1"]
[SourceVersionDate "2010.11.26"]
[SourceQuality "1"]

1. e4 Nf6 2. Nc3 d5 3. d3 Nc6 4. exd5 Nxd5 5. Nxd5 Qxd5 6. c4 Qd6 7. Be3 e5 8. Nf3 Bg4 9. Be2 Rd8 10. 0-0 Be7 11. c5 Qd5 12. Qa4 Bd7 13. Rac1 Nd4 14. Qd1 Nxe2+ 15. Qxe2 Bg4 16. Rfd1 0-0 17. d4 e4 18. Bf4 Rd7 0-1

[Event "Bern Ambassador op"]
[Site "Bern"]
[Date "1997.12.??"]
[Round "1"]
[White "Wiesmann, Dominique"]
[Black "Kamber, Bruno"]
[Result "0-1"]
[WhiteElo "1800"]
[BlackElo "2336"]
[PlyCount "58"]
[EventDate "1997.12.??"]
[EventType "swiss"]
[EventRounds "7"]
[EventCountry "SUI"]
[SourceTitle "EXT 1999"]
[Source "ChessBase"]
[SourceDate "1998.11.16"]
[SourceVersion "1"]
[SourceVersionDate "1998.11.16"]
[SourceQuality "1"]

1. h3 e5 2. e3 d5 3. a3 Nf6 4. b4 Bd6 5. c4 c6 6. Bb2 0-0 7. Nf3 Re8 8. Be2 Qe7 9. Nc3 a6 10. Na4 Nbd7 11. Rc1 dxc4 12. g4 b5 13. Nc3 e4 14. Nd4 c5 15. Nf5 Qe6 16. Nxg7 Kxg7 17. g5 Be5 18. gxf6+ Nxf6 19. Rg1+ Kh8 20. Bg4 Nxg4 21. Qxg4 Qxg4 22. hxg4 cxb4 23. axb4 Rg8 24. g5 Bf5 25. Ke2 a5 26. Ra1 axb4 27. Rxa8 Rxa8 28. Nd1 Bxb2 29. Nxb2 c3 0-1

[Event "Bern op"]
[Site "Bern"]
[Date "1996.??.??"]
[Round "8"]
[White "Wiesmann, Dominique"]
[Black "Maenner, Martin"]
[Result "0-1"]
[WhiteElo "2110"]
[BlackElo "2110"]
[PlyCount "94"]
[EventDate "1996.02.??"]
[EventType "swiss"]
[EventRounds "9"]
[EventCountry "SUI"]
[SourceTitle "CBM 051 Extra"]
[Source "ChessBase"]
[SourceDate "1996.05.01"]
[SourceVersion "1"]
[SourceVersionDate "1996.05.01"]
[SourceQuality "1"]

1. e4 e5 2. Nf3 Nf6 3. d4 Nxe4 4. Bd3 d5 5. Nxe5 Bd6 6. 0-0 0-0 7. c4 Bxe5 8. dxe5 Nc6 9. Bxe4 dxe4 10. Qxd8 Rxd8 11. Bf4 Nd4 12. Nc3 Bf5 13. Rae1 Nc2 14. Rc1 Nb4 15. Bg5 Rd7 16. Bf4 Nd3 17. Nd5 c6 18. Ne3 Be6 19. Bg3 Nxc1 20. Rxc1 Rd2 21. Rb1 Rad8 22. Kf1 b5 23. Ke1 Bxc4 24. Nxc4 bxc4 25. Bf4 Rc2 26. Be3 a6 27. a3 Rb8 28. Bd4 c3 29. b4 a5 30. Bc5 axb4 31. axb4 Rb2 32. Rc1 Ra8 33. Kd1 Rd2+ 34. Ke1 Rd3 35. g3 Ra2 36. h4 Rad2 37. Be3 Ra2 38. Bc5 h5 39. Be3 Kf8 40. Bc5+ Ke8 41. Be3 Kd7 42. Bc5 Ke6 43. Be3 Kxe5 44. Rd1 Kd5 45. f3 Kc4 46. Bc5 Rxd1+ 47. Kxd1 Kd3 0-1